<?xml version="1.0" encoding="UTF-8"?>
<collection xmlns="http://www.loc.gov/MARC21/slim">
  <record>
    <leader>00000nam  2200000   4500</leader>
    <controlfield tag="001">INLIS000000000017562</controlfield>
    <controlfield tag="005">20240813092716</controlfield>
    <datafield tag="035" ind1="#" ind2="#">
      <subfield code="a">0010-0824000183</subfield>
    </datafield>
    <controlfield tag="007">ta</controlfield>
    <controlfield tag="008">240813################g##########0#ind##</controlfield>
    <datafield tag="020" ind1="#" ind2="#">
      <subfield code="a">978-602-6293-92-3</subfield>
    </datafield>
    <datafield tag="082" ind1="#" ind2="#">
      <subfield code="a">352.63</subfield>
    </datafield>
    <datafield tag="084" ind1="#" ind2="#">
      <subfield code="a">352.63 HAY b</subfield>
    </datafield>
    <datafield tag="100" ind1=" " ind2="#">
      <subfield code="a">Hayat</subfield>
    </datafield>
    <datafield tag="245" ind1="1" ind2="#">
      <subfield code="a">Birokrasi dan Aparatur Negara :</subfield>
      <subfield code="b">Teori dan isu-isu kontemporer dalam sistem pemerintahan Indonesia /</subfield>
      <subfield code="c">Hayat</subfield>
    </datafield>
    <datafield tag="260" ind1="#" ind2="#">
      <subfield code="a">Malang :</subfield>
      <subfield code="b">Intrans Publishing,</subfield>
      <subfield code="c">2020</subfield>
    </datafield>
    <datafield tag="300" ind1="#" ind2="#">
      <subfield code="a">xvi,284 hal. ;</subfield>
      <subfield code="c">23 cm</subfield>
    </datafield>
    <datafield tag="650" ind1="#" ind2="4">
      <subfield code="a">Birokrasi</subfield>
    </datafield>
    <datafield tag="650" ind1="#" ind2="4">
      <subfield code="a">Pegawai Negeri</subfield>
    </datafield>
    <datafield tag="520" ind1="#" ind2="#">
      <subfield code="a">Berbagai strategi dalam peningkatan kualitas aparatur negara terus dilakukan oleh pemerintah untuk menstimulasi kebutuhan masyarakat terhadap pelayanan publik. Strategi tersebut berupa penyelenggaraan pelatihan dan pendidikan, pengaturan posisi dan jabatan berikut pengembangan karirnya, promosi dan mutasi, penilaian kinerja, penggajian, penghargaan, jaminan pensiun, dan jaminan masa tua, serta pemberdayaan dan perlindungan bagi aparatur sipil negara. Strategi ini sebagian didukung dengan adanya regulasi yang mengatur secara teknis. Kendatipun dalam proses implementasinya masih ditemukan berbagai hambatan di sana-sini yang disebabkan oleh berbagai faktor.</subfield>
    </datafield>
    <datafield tag="856" ind1="#" ind2="#">
      <subfield code="a">Perpustakaan LAN Pusat</subfield>
    </datafield>
    <datafield tag="990" ind1="#" ind2="#">
      <subfield code="a">240819881</subfield>
    </datafield>
    <datafield tag="990" ind1="#" ind2="#">
      <subfield code="a">240819882</subfield>
    </datafield>
  </record>
</collection>
